| 000 | 01406nam a2200313 4500 | ||
|---|---|---|---|
| 003 | EC-UNACH | ||
| 005 | 20260122162800.0 | ||
| 006 | s||||gr|||| 00| 00 | ||
| 008 | 150116t9999 mx r gr 000 0 spa d | ||
| 020 | _a978-9978-17-230-8 | ||
| 040 |
_aEC-UNACH _cEC-UNACH |
||
| 041 | _aspa | ||
| 082 | 0 | 4 |
_223 _a345.02 _bL018561 |
| 100 | _aBustos Ramírez, Juan | ||
| 245 | _aControl social y otros cambios. Volúmen IV y V | ||
| 250 | _aPrimera edición | ||
| 264 |
_aEcuador _bEditorial Jurídica de Ecuador _c2008 |
||
| 300 | _a395 páginas | ||
| 490 |
_aObras Completas _vVolúmenes IV y V |
||
| 505 | _aCriminología critica y derecho penal. - Política criminal y derecho penal. - Pena y estado. - Estado actual de la teoría de la pena. - Del estado actual de la teoría del injusto. - Consideraciones en torno del injusto. - Política criminal del injusto. - Los bienes jurídicos colectivos. - Significación social y tipicidad. - Política criminal y dolo eventual. - El injusto personal primer nivel del principio de culpabilidad. - La imputabilidad en un estado de derecho. - Castigo o impunidad de la tentativa inidónea un falso dilema. | ||
| 650 | _aLA PENA | ||
| 650 | _aEL BIEN JURÍDICO | ||
| 650 | _aEL DELITO | ||
| 942 |
_2ddc _c1 |
||
| 999 | _c14349 | ||